00923nam a22002657a 4500001001000000003000500010005001700015008004100032010001000073011001000083035001100093040000900104100002600113245017200139260004100311300003800352502004900390650002400439650002800463650001600491650003200507650003600539856006600575856001600641000101801CHAP20220329143535.0100428s2010 mx r 00010 spa d a98264 a99236 a109921 cCHAP1 aBarrales Brito, Edgar10aAnálisis de la distribución temporal de variables climáticas de la zona de Chapingo, México bajo un enfoque de cambio climático /c/por Edgar barrales Brito. aChapingo, Méx. :bEl autor,c2010. aviii, 128 h. :bcuadros, gráfs. aTesis (Ing. en Recursos Naturales Renovables14aCambio climático.14aClimazMéxico (Edo.).14aEcosistema.14aFenómenos atmosféricos.14aObservaciones meteorológicas. 3Finding aiduhttp://10.13.5.2/tesis/109921.pdfzTeclea aquí a1 n0000747